|
|
|
|
| LEADER |
00000nam a2200000 a 4500 |
| 001 |
vtls009294893 |
| 003 |
SK-MaSNL |
| 005 |
20260302005710.0 |
| 008 |
240314s2008 xo a g 000 0 epo |
| 015 |
|
|
|a SNBA2008/06-02570
|
| 020 |
|
|
|a 9788089312078
|q (brož.)
|
| 035 |
|
|
|a 88BD1017-87D6-4D81-9B72-B30FE54C3481
|
| 035 |
|
|
|a urn:nbn:sk:snk-aml1x0
|
| 035 |
|
|
|a urn:nbn:sk:snk-am008miv
|
| 040 |
|
|
|a SNK
|b slo
|c SNK
|e AACR2
|
| 041 |
0 |
|
|a epo
|a scc
|
| 044 |
|
|
|a xo
|c SK
|
| 072 |
|
7 |
|a 811.9
|x Umelé jazyky
|2 konspekt
|
| 080 |
|
|
|a 811.922
|2 2001
|
| 080 |
|
|
|a (075)
|2 2001
|
| 100 |
1 |
|
|a Marček, Stano,
|d 1953-
|4 aut
|9 209610
|
| 245 |
1 |
0 |
|a Esperanto direktna metoda
|c Stano Marček ; ilustracije Linda Marčeková ; prevela Tereza Kapista
|
| 250 |
|
|
|a 1. vyd.
|
| 260 |
|
|
|a Martin
|b Stano Marček
|c 2008
|
| 300 |
|
|
|a 114 s.
|b ilustr.
|c 25 cm
|
| 650 |
0 |
7 |
|a esperanto
|2 SNKPH
|9 22400
|
| 655 |
|
7 |
|a učebnice
|2 SNKPH
|9 22521
|
| 700 |
1 |
|
|a Kuruc Marček, Linda
|4 ill
|9 209611
|
| 700 |
1 |
|
|a Kapista, Tereza
|4 trl
|9 647478
|
| 919 |
|
|
|a 978-80-89312-07-8
|
| 968 |
|
|
|d 81
|
| 999 |
|
|
|c 1000472
|d 1002402
|
| 952 |
|
|
|a SNK
|b SNK
|y VYP
|7 0
|p 17A0587812
|o snkSC 132013 D1
|i snk2008/12033
|8 0
|0 0
|1 0
|4 0
|d 2008-05-16
|l 0
|r 2026-02-24 12:17:48
|w 2026-02-24
|
| 952 |
|
|
|a SNK
|b SNK
|y PREZ
|7 0
|p 17A0587811
|o snkSC 132013
|i snk2008/10649
|8 0
|0 0
|1 0
|4 0
|d 2008-05-16
|f 1
|l 0
|r 2025-06-23 00:00:00
|w 2026-02-24
|